|
|
|
|
| LEADER |
00000nkm a2200000 a 4500 |
| 001 |
vtls011795926 |
| 003 |
SK-MaSNL |
| 005 |
20260512122342.0 |
| 007 |
kp ao |
| 008 |
230718q1931 xo g kuslo |
| 015 |
|
|
|a SNBG
|
| 035 |
|
|
|a urn:nbn:sk:snk-km00dq54
|
| 035 |
|
|
|a urn:nbn:sk:snk-km3lx8v
|
| 035 |
|
|
|a 2595BD7F-8898-43B4-8E26-28C38C7CB25F
|
| 040 |
|
|
|a SNK
|b slo
|c SNK
|e AACR2
|
| 041 |
0 |
|
|a slo
|
| 043 |
|
|
|a e-xo---
|
| 044 |
|
|
|a xo
|c SK
|
| 072 |
|
7 |
|a 913
|x Regionálna geografia
|2 konspekt
|
| 080 |
|
|
|a 913(437.6)
|2 2011
|
| 080 |
|
|
|a 614.215
|2 2011
|
| 080 |
|
|
|a (084.121)
|2 2011
|
| 245 |
0 |
0 |
|a Piešťany
|h grafika
|
| 260 |
|
|
|a B. Bystrica
|b Luna
|c [medzi 1931 a 1948?]
|
| 300 |
|
|
|a 1 pohľadnica
|b tónovaná do modra
|c 9 x 14 cm
|
| 520 |
8 |
|
|a Zobrazenie: Pohľad v bielom orámovaní na sanatórium sprava z výšky. Pred sanatóriom prechádzajú po ceste dva automobily. Na chodníku pred vchodom stoja dvaja muži. Vľavo dolu na zábere je poschodová budova. Vpravo dole je dvojpodlažná budovy. Pozadie tvoria lúky a hory, vľavo v pozadí stromy
|
| 650 |
0 |
7 |
|a sanatóriá
|2 SNKPH
|9 24123
|
| 651 |
|
7 |
|a Piešťany (Slovensko)
|2 SNKPHgeo
|9 23981
|
| 655 |
|
7 |
|a miestne pohľadnice
|2 SNKPH
|9 70510
|
| 752 |
|
|
|a Slovensko
|d Banská Bystrica
|
| 852 |
|
|
|a Slovenská národná knižnica
|
| 954 |
|
|
|a pohľadnice pôvodné (slovenské)
|2 lita
|
| 958 |
|
|
|a OND
|
| 958 |
|
|
|a GBN
|
| 958 |
|
|
|a GC
|
| 958 |
|
|
|a EUIPO
|
| 999 |
|
|
|c 600855
|d 602785
|
| 952 |
|
|
|a SNK
|b SNK
|y PREZ
|7 0
|p 17A1288902
|o snkSP 61946
|z Pohľadnica prešla poštou.
|0 0
|1 0
|4 0
|d 2018-11-14
|f 1
|l 0
|r 2026-02-23 15:53:27
|w 2026-02-23
|